Návrh a optimalizácia parametrov výrobne kyslíka v prostredí ropnej rafinérie

Saved in:
Bibliographic Details
Main Author: Jediná, Dominika (Author)
Other Authors: Variny, Miroslav (Thesis advisor)
Format: Manuscript Book
Language:Slovak
Published: 2021
Subjects:
Online Access:http://is.stuba.sk/zp/portal_zp.pl?podrobnosti=157578
Tags: Add Tag
No Tags, Be the first to tag this record!

MARC

LEADER 00000ntm a22000003a 4500
001 stuzp83607
003 SK-STU
005 20210605210355.2
007 ta
008 150427s2015----xo-----f-mn---000-0-slo-d
040 |a STU  |b slo 
041 0 |a slo 
100 1 |a Jediná, Dominika  |u 046230  |4 aut  |U FCHPT Ústav chemického a environmentálneho inžinierstva  |T FCHPT Oddelenie chemického a biochemického inžinierstva  |X 86841  |U C6230  |Y 119  |7 86841 
242 0 1 |a Design Proposal of an Oxygen Production Unit Located in a Refinery  |y eng 
245 1 0 |a Návrh a optimalizácia parametrov výrobne kyslíka v prostredí ropnej rafinérie 
260 |c 2021 
650 4 |a matematické modelovanie  |2 slo 
650 4 |a výroba kyslíka  |2 slo 
650 4 |a kryogénna separácia vzduchu  |2 slo 
650 4 |a cryogenic air separation  |2 eng 
650 4 |a mathematical modeling  |2 eng 
650 4 |a oxygen production  |2 eng 
700 1 |a Variny, Miroslav  |u 046230  |k Z1  |4 ths  |U FCHPT Ústav chemického a environmentálneho inžinierstva  |T FCHPT Oddelenie chemického a biochemického inžinierstva  |X 25916  |U C6230  |Y 119  |7 A000025916 
856 4 |u http://is.stuba.sk/zp/portal_zp.pl?podrobnosti=157578